| 000 | 01075nam0a22002651 4500 | ||
|---|---|---|---|
| 001 | rc\3010714 | ||
| 005 | 20250806201024.0 | ||
| 035 | _a(NLR Aleph) 007153265 | ||
| 090 |
_a4788 _c4788 |
||
| 100 | _a20110923g1945 u y0rusy50 ca | ||
| 101 | 0 | _arus | |
| 102 | _aRU | ||
| 105 | _ay z ||||| | ||
| 200 | 1 |
_aБлокнот агитатора _fОтв. ред. И. Шаповалов _gОтд. пропаганды и агитации Сев.-Осетинск. обкома ВКП(б) |
|
| 210 |
_aДзауджикау _cСоциалистическая Осетия _d1945- |
||
| 215 | _d10х15 см | ||
| 300 | _aПеречень имеющихся в библиотеке томов, номеров, годов этого издания смотри в каталоге периодических изданий | ||
| 702 | 1 |
_aШаповалов _bИ. _4340 |
|
| 801 | 0 |
_aRU _bNLR _gpsbo |
|
| 801 | 1 |
_aRU _bELAR _2rusmarc |
|
| 852 |
_aNLR _jП22/1424 |
||
| 942 | _cBOOK | ||
| 945 | _aРоссийская национальная библиотека | ||
| 980 | _aNB | ||
| 980 | _aBV | ||